00966cam a22002535a 4500001001000000003000400010005001700014008004100031020001800072040003600090082002400126245010500150260005500255300003400310504004100344650003800385653002500423700003600448700002600484700003200510942000800542999001700550952014500567017695765OSt20201128024058.0151218t2015 ii a frb 000 0 eng d a9789384588854 aStDuBDSbengcStDuBDSdEG-ScBUE04222a658.300954bCAS00aCase studies in human resource management /cedited by Sanjeev Bansal, Jaya Yadav, Hargovind Kakkar. aNew Delhi :bI. K. International Publish,cc.2015. axvi, 221 p. :bill. ;c24 cm. aIncludes bibliographical references. 7aPersonnel management.2BUEsh9994 bBUSADMcDecember20161 aBansal, Sanjeev,eeditor.978541 aYadav, Jaya,eeditor.1 aKakkar, Hargovind,eeditor. 2ddc c23663d23635 00102ddc40708BaccahaMAINbMAINc1STd2016-12-21ePurchaseg190.00h25136l0o658.300954 CASp000040545r2025-07-15 00:00:00v237.50yBB